Technically Correct Movie Titles Quiz Stats

Quiz Updated Dec 16, 2015

Challenge
Share
Tweet
Embed
Score 0/25 Timer 03:00
1 Play Today
Movie (A) (A) or (B) % Correct
Airplane!???
93.6%
Se7en???
89.9%
WALL·E???
89.6%
Kramer Versus Kramer???
88.8%
DC's The Dark Knight???
88.2%
The 10 Commandments ???
88%
Inside Out???
86.6%
The Incredibles???
83.4%
2 Fast 2 Furious???
82.1%
E.T. the Extra-Terrestrial ???
82%
Honey I Shrunk the Kids???
81.4%
Django (Un)chained???
79.2%
Mission: Impossible???
78%
Movie (A) (A) or (B) % Correct
Fifty Shades of Grey???
74.7%
Spider Man???
74.2%
Crazy, Stupid Love???
68.8%
Monsters Inc.???
65.2%
Amélie???
60.9%
Birdman or (The Unexpected Virtue of Ignorance)???
59.1%
Star Wars: Episode I - The Phantom Menace???
51.1%
Love Actually???
46.9%
Adaptation???
38.3%
Dr. Strangelove or: How I Learned to Stop Worrying and Love the Bomb???
35.8%
If I Stay...???
31.2%
Who Framed Roger Rabbit????
13.1%

You're not logged in!

Compare scores with friends on all Sporcle quizzes.
Sign Up with Email
OR
Log In

You Might Also Like...

Show Comments

Extras

Top Quizzes Today


Score Distribution

Your Account Isn't Verified!

In order to create a playlist on Sporcle, you need to verify the email address you used during registration. Go to your Sporcle Settings to finish the process.